Language Quiz

Random Language or Letter Quiz

Palindrome Words: A-Z Quiz Stats

 Plays Quiz Updated Aug 10, 2016

Support Sporcle.
Go Orange.
Score 0/20 Timer 03:00
0 Plays Today
Letter Answer % Correct
Nnoon
96.7%
AABBA
96.6%
HHannah
95.8%
Bbib
92.4%
Mmadam
92.4%
Eewe
90%
Ddeed
89.9%
Wwow
88.6%
Kkayak
88.3%
Ggag
86.7%
Letter Answer % Correct
Yyay
83.1%
XXanax
78.6%
Llevel
75.7%
OOtto
75.4%
IIdi
70.5%
Rrotator
69.9%
PPeep
69.2%
Ssagas
64.4%
Ccivic
56.3%
Ttenet
47%

From the Vault

Actors by Best and Worst

by sproutcm

Movies 6m
Sometimes in life you get to be in Speed, other times you get to be in Speed 2.
Remove Ads.
Support Sporcle.
Get the best of Sporcle when you Go Orange. This ad-free experience offers more features, more stats, and more fun while also helping to support Sporcle. Thank you for becoming a member.

Show Comments

Extras

Top Quizzes Today


Score Distribution

Your Account Isn't Verified!

In order to create a playlist on Sporcle, you need to verify the email address you used during registration. Go to your Sporcle Settings to finish the process.

Report this User

Report this user for behavior that violates our Community Guidelines.

Details: